000 01329cam a22003131i 4500
003 SA-RiAUC
005 20250325104926.0
008 240925s1983____le g b 001 0 ara c
040 _aSA-JeALM
_bara
_cSA-RiAUC
_erda
082 0 4 _a258.4
_qSA-RiAUC
090 _a258.4
_b ا ب ن ق
100 1 _aابن قدامة، عبد الله بن أحمد،
_d541-620 هجري
_eمؤلف.
245 1 2 _aالمغني ؛
_bيليه الشرح الكبير /
_cتأليف موفق الدين أبي محمد عبد الله بن أحمد بن محمد بن قدامة.
250 _aطبعة جديدة بالاوفست
264 1 _aبيروت :
_bدار الكتاب العربي،
_c1983
300 _aمجلدات ؛
_c28 سم
336 _aنص
_btxt
_2rdacontent
_3كتاب
337 _aبدون وسيط
_bn
_2rdamedia
338 _aمجلد
_bnc
_2rdacarrier
500 _aيشتمل على 2 مجلد بهما كشافات بدون ترقيم.
504 _aيشتمل على ببليوجرافية.
650 7 _aالفقه الحنبلي
_2aucsh
650 7 _aالفقه الإسلامي
_xمذاهب
_2aucsh
650 7 _aالفقه الحنبلي.
_2aucsh
740 2 2 _aالشرح الكبير.
942 _2ddc
_cBOOK
_n0
949 _aSA-JeALM
_d240925
_umohamedma123
_n1
999 _c981
_d981